000 00625cam a22002173a 4500
001 43463
003 PGUSA
005 20140828084005.0
008 130813s2013||||xxu|||||s|||||000 | eng d
040 _aPGUSA
_beng
042 _adc
100 1 _aMaule, Mary Katherine
245 1 2 _aA Prairie-Schooner Princess
_h[electronic resource] /
_cMary Katherine Maule
260 _bProject Gutenberg,
_c2013
506 _aPublic domain in the USA.
516 _aElectronic text
700 1 _aCue, Harold James,
_d1887-1961
830 0 _aProject Gutenberg
_v43463
856 4 0 _uhttp://www.gutenberg.org/ebooks/43463
942 _cEB
999 _c272714
_d272714